Las alternativas de la América Latina como clase media de las naciones /
Guardat en:
| Autor principal: | |
|---|---|
| Format: | Text |
| Matèries: | |
| Etiquetes: |
Afegir etiqueta
Sense etiquetes, Sigues el primer a etiquetar aquest registre!
|
MARC
| LEADER | 00000 a a2200000 04500 | ||
|---|---|---|---|
| 001 | 45368 | ||
| 003 | |||
| 040 | |||
| 090 | |a REV0780 (9)1980 | ||
| 100 | |a Orrego Vicuña, Francisco | ||
| 245 | |a Las alternativas de la América Latina como clase media de las naciones / |c Francisco Orrego Vicuña | ||
| 650 | |a TERCER MUNDO | ||
| 650 | |a DESARROLLO ECONOMICO Y SOCIAL | ||
| 650 | |a CLASE MEDIA | ||
| 650 | |a AMERICA LATINA | ||
| 773 | |g número9, II Epoca, (1980), páginas 21-43 | ||
| 999 | |c 37185 |d 37185 | ||
